| 000 | 00588 a2200193 4500 | ||
|---|---|---|---|
| 001 | 61121 | ||
| 005 | 20260407155902.0 | ||
| 008 | 260407a1969 arg spa d | ||
| 003 | AR-UNSa-BCEJYS | ||
| 040 |
_aAR-UNSa-BCEJYS _bspa _cAR-UNSa-BCEJYS |
||
| 080 |
_a342.924 _xActos legales. Actos administrativos. (Procesal administrativo) |
||
| 245 | 1 | 0 | _aTeoría jurídica del acto administrativo |
| 264 | 1 |
_aBuenos Aires : _bAbeledo Perrot _c1969 |
|
| 300 |
_a283 p. _c23 cm. |
||
| 041 | _aspa | ||
| 942 | _cBK | ||
| 590 | _aniveau_biblio:m niveau_hierar:0 | ||
| 100 | 1 | _aFiorini, Bartolome A. | |
| 999 |
_c7235 _d7235 |
||